00504nam a2200193 a 4500001001300000003000900013005001700022008004100039020000800080082001800088100002400106245002400130260004700154300000800201500003500209505002400244650001800268700002400286nice12345678IN_TiNIC20260116011317.0050524s1969 mada grp 000 0 eng  ac200a294.5924bMAT aMatthew, V Anjilvel aMessage of the Gita aMadrasbChristian Literature Societyc1969 a88p aincludes index and biblioraphy2 abibliography, index aBhagavad Gita1 aMatthew, V Anjilvel